Colecció dels discursos pronunciats per les Senadors Exm. Sr. D. Joseph Maluquer de Tirroll y Excm. Sr. D. Manuel Durán y Bas... en defensa de la llegislació civil catalana en lo Senat y en lo Congrés ab motiu de la presentació á las Corts del Códich Civil de 1889. (Record no. 184541)

MARC details
000 -LEADER
campo de control de longitud fija 00794nam a2200181 i 4500
001 - NÚMERO DE CONTROL
campo de control 184541
003 - IDENTIFICADOR DE NÚMERO DE CONTROL
campo de control ES-MaACL
005 - FECHA Y HORA DE LA ÚLTIMA TRANSACCIÓN
campo de control 20250702221251.0
008 - DATOS DE LONGITUD FIJA--INFORMACIÓN GENERAL
campo de control de longitud fija 151021s1891 sp |||| | spa d
080 ## - NÚMERO DE LA CLASIFICACIÓN DECIMAL UNIVERSAL
Número de la Clasificación Decimal Universal 347(460.23)"19"(094.5)
245 00 - MENCIÓN DEL TÍTULO
Título Colecció dels discursos pronunciats per les Senadors Exm. Sr. D. Joseph Maluquer de Tirroll y Excm. Sr. D. Manuel Durán y Bas... en defensa de la llegislació civil catalana en lo Senat y en lo Congrés ab motiu de la presentació á las Corts del Códich Civil de 1889.
260 ## - PUBLICACIÓN, DISTRIBUCIÓN, ETC.
Lugar de publicación, distribución, etc. Barcelona :
Nombre del editor, distribuidor, etc. [s.n.],
Fecha de publicación, distribución, etc. 1891 (
Fabricante Imprenta Barcelonesa)
300 ## - DESCRIPCIÓN FÍSICA
Extensión 1 h., 318 p., 1 h. ;
Dimensiones 27 cm.
650 #4 - PUNTO DE ACCESO ADICIONAL DE MATERIA--TÉRMINO DE MATERIA
Término de materia o nombre geográfico como elemento de entrada Derecho civil-
Subdivisión geográfica Cataluña.
9 (RLIN) 140364
700 1# - ENTRADA AGREGADA--NOMBRE PERSONAL
Nombre de persona Durán y Bas, Manuel,
Fechas asociadas al nombre 1823-1907
9 (RLIN) 46240
852 ## - LOCALIZACIÓN
Ubicación ES-MaACL
Número de control de estantería G-2993
Holdings
Estatus retirado Estado de pérdida Estado de daño No para préstamo Colección Biblioteca de origen Biblioteca actual Ubicación en estantería Fecha de adquisición Fuente de adquisición Total de préstamos Signatura topográfica completa Código de barras Visto por última vez Precio de reemplazo Tipo de ítem Koha
        Libros del s. XIX Biblioteca del Ateneo de Madrid Biblioteca del Ateneo de Madrid Depósito 2 21/10/2015     G-2993 1194289 23/02/2023 23/02/2023 Libro impreso antiguo